| 000 | 01519nam0a22003131 4500 | ||
|---|---|---|---|
| 001 | rc\3614008 | ||
| 005 | 20250610082629.0 | ||
| 021 |
_aRU _b[72-6540] |
||
| 035 | _a(NLR Aleph) 007818067 | ||
| 090 |
_a7734552 _c7734552 |
||
| 100 | _a20130115d1972 |||y0rusy50 ca | ||
| 101 | 0 | _arus | |
| 102 | _aRU | ||
| 105 | _aa z ||||| | ||
| 200 | 1 |
_aПути совершенствования процессов сборки легковых и грузовых шин _fИ.М. Муслаев, Б.Г. Гаврилов, Г.Л. Портный [и др.] _gМ-во нефтеперерабатывающей и нефтехим. пром-сти СССР. Центр. науч.-исслед. ин-т техн.-экон. исследований нефтеперерабатывающей и нефтехим. пром-сти |
|
| 210 |
_aМосква _cБ. и. _d1972 |
||
| 215 |
_a87 с. _cил. _d20 |
||
| 225 | 1 |
_a[Тематические обзоры] _iСерия "Производство шин" |
|
| 320 | _aСписок лит.: с. 77-85 (326 назв.) | ||
| 606 |
_aАвтомобильные шины _xСборка _2psbo |
||
| 701 | 1 |
_7ca _8rus _aГаврилов _bБ. Г. _cканд. техн. наук, хим. технологии _gБорис Георгиевич _9270327 _3RU\NLR\AUTH\770270383 |
|
| 701 | 1 |
_aПортный _bГ. Л. |
|
| 701 | 1 |
_aМуслаев _bИ. М. |
|
| 801 | 0 |
_aRU _bNLR _gpsbo |
|
| 801 | 1 |
_aRU _bELAR _2rusmarc |
|
| 852 |
_aNLR _j72-4/5943 |
||
| 942 | _cBOOK | ||
| 980 | _aNB | ||